|
|
|
|
| LEADER |
00000nam a2200000 a 4500 |
| 001 |
vtls001269054 |
| 003 |
SK-MaSNL |
| 005 |
20260223213706.0 |
| 008 |
961204suuuu xx 0 und |
| 035 |
|
|
|a SNK000220081
|
| 040 |
|
|
|a SNK
|b slo
|c SNK
|e AACR2
|
| 245 |
1 |
|
|a Matematika a fyzika ve škole. Roč. 16, č. 1-10, 1985-86
|
| 260 |
|
|
|a Praha
|b SPN
|c 1985-86
|
| 999 |
|
|
|c 712839
|d 714769
|
| 952 |
|
|
|t č. 1-10
|a SNK
|b SNK
|y PREZ
|7 0
|p 17A0515413
|o snkČC 2915/11/1980-1981
|i snkČIP 1686/81
|3 rekatalogizácia
|0 0
|1 0
|4 0
|d 2006-06-28
|l 0
|r 2026-02-23 21:37:06
|w 2026-02-23
|
| 952 |
|
|
|t č. 1-10
|a SNK
|b SNK
|y PREZ
|7 0
|p 17A0024721
|o snkČC 2915/16/1985-1986
|0 0
|1 1
|4 0
|d 1996-12-04
|l 0
|r 2005-01-01 00:00:00
|w 2026-02-23
|
| 952 |
|
|
|t č. 1-10
|a SNK
|b SNK
|y PREZ
|7 0
|p 17A0327004
|o snkČC 2915/8/1977-1978
|i snkČIP 2304/78
|0 0
|1 1
|4 0
|d 2002-01-14
|l 0
|r 2005-01-01 00:00:00
|w 2026-02-23
|
| 952 |
|
|
|t č. 1-10
|a SNK
|b SNK
|y PREZ
|7 0
|p 17A0327029
|o snkČC 2915/10/1979-1980
|i snkČIP 2292/80
|0 0
|1 0
|4 0
|d 2002-01-14
|l 0
|r 2005-01-01 00:00:00
|w 2026-02-23
|
| 952 |
|
|
|t 1
|a SNK
|b SNK
|y PREZ
|7 0
|p 17A1436713
|o snkČC 2915/5/1974-1975
|i snkČIP 709/76
|8 0
|3 č. 1-10
|0 0
|1 0
|4 0
|d 2026-03-26
|l 1
|r 2026-04-15 08:50:02
|s 2026-03-26
|w 2026-03-26
|